| 000 | 00426cam a22001695i 4500 | ||
|---|---|---|---|
| 001 | 17924230 | ||
| 005 | 20170302113338.0 | ||
| 008 | 131031s2013 ohu 000 0 eng | ||
| 020 | _a9781133108689 | ||
| 040 | _cPK-LaUMT | ||
| 082 |
_a621.042 _bDUN-S |
||
| 100 | 1 | _aDunlap, Richard A. | |
| 245 | 1 | 0 |
_aSustainable energy / _cRichard A. Dunlap |
| 260 |
_aDelhi : _bCengage Learning, _c2015 |
||
| 300 | _a562 p. | ||
| 942 | _cBK | ||
| 999 |
_c91355 _d91355 |
||